| 000 | 01164cam a22002533a 4500 | ||
|---|---|---|---|
| 001 | 32602 | ||
| 003 | PGUSA | ||
| 005 | 20140828083715.0 | ||
| 008 | 100530s2010||||xxu|||||s|||||000 | eng d | ||
| 040 |
_aPGUSA _beng |
||
| 042 | _adc | ||
| 050 | 4 | _aMT | |
| 100 | 1 | _aRyan, Millie | |
| 245 | 1 | 0 |
_aWhat Every Singer Should Know _h[electronic resource] / _cMillie Ryan |
| 260 |
_bProject Gutenberg, _c2010 |
||
| 505 | 0 | _a"Is it worth my while to have my voice cultivated" -- "Can I become a grand opera singer?" -- "At what age shall I take up the study of voice culture?" -- Singing lessons as a health culture -- Advice to parents -- "Is it necessary to go abroad to study?" -- Chorus singing -- Stage fright -- The accompanist -- Selecting a teacher -- Art for art's sake -- Educating the masses -- Hints and helps -- What and how to practice -- The breath -- A few practical exercises and illustrations. | |
| 506 | _aPublic domain in the USA. | ||
| 516 | _aElectronic text | ||
| 653 | _aSinging -- Instruction and study | ||
| 653 | _aVoice culture | ||
| 830 | 0 |
_aProject Gutenberg _v32602 |
|
| 856 | 4 | 0 | _uhttp://www.gutenberg.org/ebooks/32602 |
| 942 | _cEB | ||
| 999 |
_c261857 _d261857 |
||